Předpisy proti neoprávněnému obohacování

Uložené v:
Podrobná bibliografia
Hlavný autor: Just, Milan
Médium: Kniha
Jazyk:Czech
Vydavateľské údaje: Praha Ústav státní správy 1983
Tagy: Pridať tag
Žiadne tagy, Buďte prvý, kto otaguje tento záznam!

MARC

LEADER 00000nam a2200000 4500
001 c116678
005 20250929074837.6
041 0 |a cze 
044 |a CZ 
245 1 0 |a Předpisy proti neoprávněnému obohacování  |c Milan Just 
264 1 |a Praha  |b Ústav státní správy  |c 1983 
300 |a 173 s. 
100 1 |a Just, Milan